| 000 | 00650nam a22002057a 4500 | ||
|---|---|---|---|
| 005 | 20180711113159.0 | ||
| 010 | _aENG-123438 | ||
| 020 |
_a9789352872756 _c625.00 |
||
| 035 | _aEN-106970 | ||
| 037 | _bDBAD/PUB | ||
| 082 | _a301.0954 | ||
| 245 |
_aTowards a new sociology in india / _ced. by Mahuya Bandyopadhyay [and] Ritambhara Hebbar |
||
| 260 |
_aHyderabad _bOrient BlackSwan _c2018 |
||
| 270 |
_a3-6-752 Himayatnagar _bHyderabad _e500029 |
||
| 300 |
_ax,266p. _c21cm(pbk) _bill. |
||
| 500 | _aIt includes index | ||
| 700 | _a Bandyopadhyay, Mahuya | ||
| 700 | _a Hebbar, Ritambhara | ||
| 942 |
_2ddc _cEN _h301.0954 _mTOW |
||
| 999 |
_c153813 _d153813 |
||